000
00278nam a2200121 a 4500
008
101026s1971|||| d
245
1
0
_a
Čierne na bielom
100
1
_a
Marko, Miloš
260
_b
Pravda
_a
Bratislava
_c
1971
044
_a
xo
_c
SK
041
_a
slo
020
_c
17,50
999
_c
12264
_d
12264